LIBRARY & INFORMATION CENTRE, KCAET, TAVANUR

ONLINE PUBLIC ACCESS CATALOGUE (OPAC)

Beginners qualitative analysis of inorganic substances: Text book for BSc students / (Record no. 9555)

MARC details
000 -LEADER
fixed length control field 00498cam a2200181ua 4500
041 ## - LANGUAGE CODE
Language code of text/sound track or separate title eng
082 ## - DEWEY DECIMAL CLASSIFICATION NUMBER
Classification number 544
Item number LAK/BE
100 ## - MAIN ENTRY--AUTHOR NAME
Personal name Lakshminarayan, P S .
245 ## - TITLE STATEMENT
Title Beginners qualitative analysis of inorganic substances: Text book for BSc students /
250 ## - EDITION STATEMENT
Edition statement 6 /
260 ## - PUBLICATION, DISTRIBUTION, ETC. (IMPRINT)
Place of publication Madras :
Name of publisher Central Art press ,
Year of publication 1960.
300 ## - PHYSICAL DESCRIPTION
Number of Pages 130 ; .
942 ## - ADDED ENTRY ELEMENTS (KOHA)
Koha item type Books
Holdings
Withdrawn status Lost status Damaged status Home library Current library Date acquired Cost, normal purchase price Full call number Accession Number Koha item type
Withdrawn     KAUAET KAUAET 07/04/2012 2.00 544 LAK/BE 7465 Books
free website counter